000 00522nam a2200205Ia 4500
005 20260429112321.0
008 260429s9999||||xx |||||||||||||| ||und||
020 _a9788119642083
041 _aEnglish
082 _a700.1
_bHEG
100 _aHegel, G. W. F.
245 0 _aPhilosophy of fine art, Vol. 2 /
_cG. W. F. Hegel
250 _a1st ed.
260 _aJaipur :
_bHilltop Publications,
_c2025.
300 _avi, 274 p.; hb
440 _vVol. 2
650 _a Philosophy
650 _aFine art
942 _cTB
999 _c53462
_d53462